Matemática básica para administración (Registro nro. 1225)
[ vista simple ]
| 000 -Cabecera | |
|---|---|
| Campo de control de longitud fija | 00628ata a2200253 4500 |
| 005 - Fecha y hora de la última transacción | |
| Campo de control | 20251107190627.0 |
| 008 - Elementos de longitud fija--Información general | |
| Campo de control de longitud fija | 150608b2003 xxu||||| |||| 00| 0 spa d |
| 041 ## - Idioma | |
| Código de idioma | Español |
| 082 ## - Clasificación Decimal Dewey | |
| Número de clasificación | 510.246.58 B268m |
| 100 ## - Entrada principal--Autor personal | |
| Nombre personal | Barrantes Campos, Hugo |
| 9 (RLIN) | 19734 |
| 245 ## - Título propiamente dicho | |
| Título | Matemática básica para administración |
| 260 ## - Pie de imprenta | |
| Lugar de publicación, distribución, etc. | Costa Rica |
| 260 ## - Pie de imprenta | |
| Nombre del editor, distribuidor, etc. | EUNED |
| 260 ## - Pie de imprenta | |
| Fecha de publicación, distribución, etc. | 2003 |
| 300 ## - Descripción física | |
| Extensión | 243 páginas |
| 490 ## - Serie | |
| Título de la Serie | Dirección y Administración de Empresas |
| 650 ## - Materia general | |
| Temática (materia general) | MATEMÁTICAS |
| 650 ## - Materia general | |
| Temática (materia general) | ÁLGEBRA |
| 650 ## - Materia general | |
| Temática (materia general) | ECUACIONES |
| 650 ## - Materia general | |
| Temática (materia general) | INECUACIONES |
| 650 #0 - Materia general | |
| Temática (materia general) | FUNCIONES |
| 942 ## - Punto de acceso adicional KOHA | |
| Tipo de ítem KOHA | Libro |
| Fuente del sistema de clasificación o colocación | Dewey Decimal Classification |
| Signatura completa | Código de barras | Programa Académico | Tipo de ítem |
|---|---|---|---|
| 510.246.58 B268m | 13794 | Dirección y Administración de Empresas | Libro |
| 510.246.58 B268m | 10114 | Dirección y Administración de Empresas | Libro |
| 510.246.58 B268m | 10115 | Dirección y Administración de Empresas | Libro |